Eoin O'Duffy (Record no. 7311)
[ view plain ]
| 000 -LEADER | |
|---|---|
| fixed length control field | 01699nam a2200361 a 4500 |
| 001 - CONTROL NUMBER | |
| control field | ebr10271436 |
| 003 - CONTROL NUMBER IDENTIFIER | |
| control field | CaPaEBR |
| 006 - FIXED-LENGTH DATA ELEMENTS--ADDITIONAL MATERIAL CHARACTERISTICS--GENERAL INFORMATION | |
| fixed length control field | m u |
| 007 - PHYSICAL DESCRIPTION FIXED FIELD--GENERAL INFORMATION | |
| fixed length control field | cr cn||||||||| |
| 008 - FIXED-LENGTH DATA ELEMENTS--GENERAL INFORMATION | |
| fixed length control field | 050711s2005 enkac sb 001 0 eng |
| 010 ## - LIBRARY OF CONGRESS CONTROL NUMBER | |
| Canceled/invalid LC control number | 2005019576 |
| 020 ## - INTERNATIONAL STANDARD BOOK NUMBER | |
| Cancelled/invalid ISBN | 0199276552 (acid-free paper) |
| 040 ## - CATALOGING SOURCE | |
| Original cataloging agency | CaPaEBR |
| Transcribing agency | CaPaEBR |
| 035 ## - SYSTEM CONTROL NUMBER | |
| System control number | (OCoLC)139993272 |
| 043 ## - GEOGRAPHIC AREA CODE | |
| Geographic area code | e-ie--- |
| 050 14 - LIBRARY OF CONGRESS CALL NUMBER | |
| Classification number | DA965.O37 |
| Item number | M37 2005eb |
| 082 04 - DEWEY DECIMAL CLASSIFICATION NUMBER | |
| Classification number | 941.7082/2/092 |
| -- | B |
| Edition number | 22 |
| 100 1# - MAIN ENTRY--PERSONAL NAME | |
| Personal name | McGarry, Fearghal. |
| 245 10 - TITLE STATEMENT | |
| Title | Eoin O'Duffy |
| Medium | [electronic resource] : |
| Remainder of title | a self-made hero / |
| Statement of responsibility, etc | Fearghal McGarry. |
| 260 ## - PUBLICATION, DISTRIBUTION, ETC. (IMPRINT) | |
| Place of publication, distribution, etc | Oxford ; |
| -- | New York : |
| Name of publisher, distributor, etc | Oxford University Press, |
| Date of publication, distribution, etc | 2005. |
| 300 ## - PHYSICAL DESCRIPTION | |
| Extent | xvi, 442 p. : |
| Other physical details | ill., ports. |
| 504 ## - BIBLIOGRAPHY, ETC. NOTE | |
| Bibliography, etc | Includes bibliographical references (p. [412]-416) and index. |
| 505 0# - FORMATTED CONTENTS NOTE | |
| Formatted contents note | Joy to my youth -- The best man in Ulster -- War to the death in Monaghan -- The coming man -- The flower of the young manhood of Ireland -- Preaching the gospel of national virility -- Red terror -- The Irish Mussolini -- Hoch O'Duffy! -- The third greatest man in Europe -- Ireland's quisling. |
| 533 ## - REPRODUCTION NOTE | |
| Type of reproduction | Electronic reproduction. |
| Place of reproduction | Palo Alto, Calif. : |
| Agency responsible for reproduction | ebrary, |
| Date of reproduction | 2013. |
| Note about reproduction | Available via World Wide Web. |
| -- | Access may be limited to ebrary affiliated libraries. |
| 600 10 - SUBJECT ADDED ENTRY--PERSONAL NAME | |
| Personal name | O'Duffy, Eoin. |
| 650 #0 - SUBJECT ADDED ENTRY--TOPICAL TERM | |
| Topical term or geographic name as entry element | Fascism |
| Geographic subdivision | Ireland |
| General subdivision | History |
| Chronological subdivision | 20th century. |
| Topical term or geographic name as entry element | Revolutionaries |
| Geographic subdivision | Ireland |
| Form subdivision | Biography. |
| Topical term or geographic name as entry element | Fascists |
| Geographic subdivision | Ireland |
| Form subdivision | Biography. |
| 651 #0 - SUBJECT ADDED ENTRY--GEOGRAPHIC NAME | |
| Geographic name | Ireland |
| General subdivision | History |
| Chronological subdivision | 20th century |
| Form subdivision | Biography. |
| 655 #7 - INDEX TERM--GENRE/FORM | |
| Genre/form data or focus term | Electronic books. |
| Source of term | local |
| 710 2# - ADDED ENTRY--CORPORATE NAME | |
| Corporate name or jurisdiction name as entry element | ebrary, Inc. |
| 856 40 - ELECTRONIC LOCATION AND ACCESS | |
| Uniform Resource Identifier | <a href="http://site.ebrary.com/lib/rucke/Doc?id=10271436">http://site.ebrary.com/lib/rucke/Doc?id=10271436</a> |
| Public note | An electronic book accessible through the World Wide Web; click to view |
No items available.
